[Event "Dueville op-B 1st"]
[Site "Dueville"]
[Date "2023.06.04"]
[Round "5"]
[White "Montorfano, Carlo"]
[Black "Di Meo, Antonio"]
[Result "1/2-1/2"]
[WhiteElo "1552"]
[BlackElo "1749"]
[PlyCount "59"]
[EventDate "2023.06.01"]
[EventType "swiss"]
[EventRounds "5"]
[EventCountry "ITA"]
[SourceTitle "EXT 2024"]
[Source "ChessBase"]
[SourceDate "2023.10.10"]
[SourceVersion "1"]
[SourceVersionDate "2023.10.10"]
[SourceQuality "1"]

1. d4 b5 2. Nf3 Bb7 3. Bf4 e6 4. e3 a6 5. h3 f5 6. Be2 Nf6 7. 0-0 Be7 8. Nbd2 0-0 9. a3 Kh8 10. c4 bxc4 11. Nxc4 Nh5 12. Be5 d6 13. Bh2 Nd7 14. Ne1 Nhf6 15. Na5 Bd5 16. Bc4 g5 17. Bxd5 Nxd5 18. Nc6 Qe8 19. Nxe7 Qxe7 20. Kh1 N7f6 21. Nd3 Rg8 22. Qe2 a5 23. Rac1 g4 24. Nf4 Nxf4 25. Bxf4 gxh3 26. gxh3 Qf7 27. Rg1 Nh5 28. Rxg8+ Rxg8 29. Bh2 Nf6 30. Rg1 1/2-1/2

[Event "Mogliano Veneto op-B 38th"]
[Site "Mogliano Veneto"]
[Date "2017.05.01"]
[Round "4.12"]
[White "Paparella, Nicole Samantha"]
[Black "Di Meo, Antonio"]
[Result "0-1"]
[WhiteElo "1652"]
[BlackElo "1812"]
[PlyCount "93"]
[EventDate "2017.04.29"]
[EventType "swiss"]
[EventRounds "5"]
[EventCountry "ITA"]
[SourceTitle "EXT 2023"]
[Source "ChessBase"]
[SourceDate "2022.10.05"]
[SourceVersion "1"]
[SourceVersionDate "2022.10.05"]
[SourceQuality "1"]

1. e4 Nc6 2. d4 d5 3. e5 Bf5 4. c3 e6 5. Nf3 Qd7 6. Bd3 Bxd3 7. Qxd3 g6 8. Bf4 0-0-0 9. h3 h6 10. Nbd2 g5 11. Bh2 f5 12. 0-0-0 Nb8 13. Kb1 Ne7 14. Nb3 Na6 15. Ne1 Rg8 16. f3 Kb8 17. Bg1 Nc8 18. Be3 Nb6 19. Nc2 Na4 20. Rdf1 c5 21. Qe2 c4 22. Nc5 N6xc5 23. dxc5 Qb5 24. Na3 Nxc3+ 25. Kc2 Nxe2 26. Nxb5 Ng3 27. Nd6 Nxf1 28. Rxf1 g4 29. fxg4 fxg4 30. Rf6 gxh3 31. gxh3 Rg2+ 32. Kc1 Re2 33. Bd4 Rh2 34. Rxe6 Rxh3 35. Rf6 Be7 36. Rf7 Bg5+ 37. Kd1 Rd3+ 38. Ke2 Rxd4 39. e6 Rd2+ 40. Ke1 Rxb2 41. e7 Bxe7 42. Rxe7 c3 43. Rh7 Rg8 44. Kf1 c2 45. Rxb7+ Rxb7 46. Ke2 Re7+ 47. Kd2 0-1

[Event "Mogliano Veneto op-B 38th"]
[Site "Mogliano Veneto"]
[Date "2017.04.30"]
[Round "3.15"]
[White "Di Meo, Antonio"]
[Black "Kofler, Albin Ernst"]
[Result "1-0"]
[WhiteElo "1812"]
[BlackElo "1637"]
[PlyCount "23"]
[EventDate "2017.04.29"]
[EventType "swiss"]
[EventRounds "5"]
[EventCountry "ITA"]
[SourceTitle "EXT 2023"]
[Source "ChessBase"]
[SourceDate "2022.10.05"]
[SourceVersion "1"]
[SourceVersionDate "2022.10.05"]
[SourceQuality "1"]

1. g4 d5 2. Bg2 e6 3. Nc3 Qh4 4. e3 Nf6 5. h3 Qg5 6. d4 Bb4 7. e4 Bxc3+ 8. bxc3 Qg6 9. exd5 0-0 10. Nf3 Qe4+ 11. Kf1 exd5 12. Ne5 1-0

[Event "Mogliano Veneto op-B 38th"]
[Site "Mogliano Veneto"]
[Date "2017.04.30"]
[Round "2.5"]
[White "Filippi, Simone"]
[Black "Di Meo, Antonio"]
[Result "1-0"]
[WhiteElo "1908"]
[BlackElo "1812"]
[PlyCount "55"]
[EventDate "2017.04.29"]
[EventType "swiss"]
[EventRounds "5"]
[EventCountry "ITA"]
[SourceTitle "EXT 2023"]
[Source "ChessBase"]
[SourceDate "2022.10.05"]
[SourceVersion "1"]
[SourceVersionDate "2022.10.05"]
[SourceQuality "1"]

1. e4 Nc6 2. Nc3 e6 3. d4 Bb4 4. a3 Ba5 5. Nf3 Nf6 6. Bd3 d5 7. e5 Ne4 8. Bd2 Nxd2 9. Qxd2 a6 10. 0-0 Bb6 11. Ne2 Ne7 12. b4 Ng6 13. Nf4 Bd7 14. Nh5 Rg8 15. a4 a5 16. b5 Qe7 17. c4 dxc4 18. Bxc4 0-0-0 19. Rfd1 f6 20. Nf4 Nxf4 21. Qxf4 f5 22. Qg5 Rge8 23. d5 exd5 24. Bxd5 Qxg5 25. Nxg5 Rxe5 26. Nf7 Re2 27. Nxd8 Kxd8 28. Bxb7 1-0

[Event "Napoli Autunno Vomero op-A"]
[Site "Napoli"]
[Date "2016.10.13"]
[Round "6"]
[White "Di Meo, Antonio"]
[Black "Auletta, Pasquale"]
[Result "1/2-1/2"]
[WhiteElo "1811"]
[BlackElo "1635"]
[PlyCount "59"]
[EventDate "2016.09.08"]
[EventType "swiss"]
[EventRounds "7"]
[EventCountry "ITA"]
[SourceTitle "EXT 2018"]
[Source "ChessBase"]
[SourceDate "2017.10.13"]
[SourceVersion "1"]
[SourceVersionDate "2017.10.13"]
[SourceQuality "1"]

1. b4 b6 2. a3 e6 3. Bb2 Nf6 4. e3 Bb7 5. Nf3 c5 6. b5 Be7 7. Be2 0-0 8. 0-0 a6 9. d4 Qc7 10. c4 axb5 11. cxb5 d5 12. dxc5 Bxc5 13. Nbd2 Nbd7 14. Rc1 Qd6 15. a4 Rfc8 16. Nd4 e5 17. N4f3 Ba3 18. Rxc8+ Rxc8 19. Qb3 Bxb2 20. Qxb2 Qc7 21. Qb4 Qc3 22. Qxc3 Rxc3 23. Ra1 Rc2 24. Bd1 Rb2 25. Rb1 Rxb1 26. Nxb1 Kf8 27. Kf1 h6 28. Nbd2 Ke7 29. Ke1 Kd6 30. Bc2 1/2-1/2

[Event "Napoli Autunno Vomero op-A"]
[Site "Napoli"]
[Date "2016.10.06"]
[Round "5"]
[White "Gallo, Thomas Renato"]
[Black "Di Meo, Antonio"]
[Result "1-0"]
[WhiteElo "1837"]
[BlackElo "1811"]
[PlyCount "111"]
[EventDate "2016.09.08"]
[EventType "swiss"]
[EventRounds "7"]
[EventCountry "ITA"]
[SourceTitle "EXT 2018"]
[Source "ChessBase"]
[SourceDate "2017.10.13"]
[SourceVersion "1"]
[SourceVersionDate "2017.10.13"]
[SourceQuality "1"]

1. d4 b5 2. Nf3 Bb7 3. Bf4 e6 4. e3 a6 5. a4 b4 6. Bd3 Nf6 7. Nbd2 Be7 8. h3 d6 9. c3 bxc3 10. bxc3 Nd5 11. Bh2 Nd7 12. e4 N5f6 13. 0-0 0-0 14. a5 d5 15. Qe2 dxe4 16. Nxe4 Nxe4 17. Bxe4 Bxe4 18. Qxe4 c5 19. Rfb1 Nf6 20. Qd3 cxd4 21. cxd4 Nd5 22. Ne5 Bd6 23. Nc4 Bxh2+ 24. Kxh2 Qc7+ 25. g3 Rfb8 26. Rxb8+ Rxb8 27. Rb1 g6 28. Rxb8+ Qxb8 29. Ne5 Qb5 30. Qd2 Qf1 31. Ng4 f5 32. Ne3 Nxe3 33. fxe3 Kf7 34. Qg2 Qxg2+ 35. Kxg2 Ke7 36. Kf3 Kd6 37. Kf4 h6 38. e4 g5+ 39. Ke3 Kc6 40. h4 Kb5 41. d5 exd5 42. exf5 Kc5 43. f6 Kd6 44. f7 Ke7 45. Kd4 gxh4 46. gxh4 Kxf7 47. Kxd5 Kf6 48. Kc6 Ke6 49. Kb6 Kd7 50. Kxa6 Kc6 51. h5 Kc7 52. Kb5 Kb7 53. Kc5 Ka6 54. Kd6 Kxa5 55. Ke6 Kb5 56. Kf6 1-0

[Event "Napoli Autunno Vomero op-A"]
[Site "Napoli"]
[Date "2016.09.08"]
[Round "1"]
[White "Somma, Erminio"]
[Black "Di Meo, Antonio"]
[Result "0-1"]
[WhiteElo "1561"]
[BlackElo "1811"]
[PlyCount "50"]
[EventDate "2016.09.08"]
[EventType "swiss"]
[EventRounds "7"]
[EventCountry "ITA"]
[SourceTitle "EXT 2018"]
[Source "ChessBase"]
[SourceDate "2017.10.13"]
[SourceVersion "1"]
[SourceVersionDate "2017.10.13"]
[SourceQuality "1"]

1. d4 b5 2. Nf3 Bb7 3. e3 a6 4. c4 bxc4 5. Bxc4 e6 6. 0-0 Nf6 7. Nbd2 c5 8. dxc5 Bxc5 9. Nb3 Be7 10. Nbd2 Nc6 11. a3 Qa5 12. b4 Qh5 13. Bb2 g5 14. Be2 g4 15. Nd4 Rg8 16. Nxc6 Bxc6 17. f3 Nd5 18. Nc4 Bb5 19. fxg4 Qh6 20. Qb3 Bxc4 21. Bxc4 Nxe3 22. Bc1 Bg5 23. Rf3 Nxg4 24. Rh3 Qf6 25. Qa2 Qd4+ 0-1

[Event "Napoli Sociale-ch"]
[Site "Napoli"]
[Date "2015.12.03"]
[Round "5"]
[White "Orefice, Giovanni"]
[Black "Di Meo, Antonio"]
[Result "0-1"]
[WhiteElo "1395"]
[BlackElo "1844"]
[PlyCount "54"]
[EventDate "2015.11.05"]
[EventType "swiss"]
[EventRounds "7"]
[EventCountry "ITA"]
[SourceTitle "EXT 2018"]
[Source "ChessBase"]
[SourceDate "2017.10.13"]
[SourceVersion "1"]
[SourceVersionDate "2017.10.13"]
[SourceQuality "1"]

1. e4 e6 2. Nc3 b6 3. Nf3 Bb7 4. d3 Nf6 5. Bg5 Be7 6. g3 h6 7. Bxf6 Bxf6 8. Bg2 d6 9. 0-0 c5 10. Re1 a6 11. b3 Bxc3 12. Re2 Bxa1 13. Qxa1 Qf6 14. e5 dxe5 15. Nxe5 Bxg2 16. Kxg2 Nc6 17. Qe1 Nxe5 18. Rxe5 0-0 19. Qe3 Rfd8 20. f4 Rd5 21. Qe4 Rad8 22. Rxd5 exd5 23. Qf3 Qe6 24. f5 Qe5 25. a3 Re8 26. h4 Qe2+ 27. Qxe2 Rxe2+ 0-1

[Event "Napoli Sociale-ch"]
[Site "Napoli"]
[Date "2015.11.26"]
[Round "4"]
[White "Di Meo, Antonio"]
[Black "Condorelli, Pietro"]
[Result "1/2-1/2"]
[WhiteElo "1844"]
[BlackElo "1710"]
[PlyCount "46"]
[EventDate "2015.11.05"]
[EventType "swiss"]
[EventRounds "7"]
[EventCountry "ITA"]
[SourceTitle "EXT 2018"]
[Source "ChessBase"]
[SourceDate "2017.10.13"]
[SourceVersion "1"]
[SourceVersionDate "2017.10.13"]
[SourceQuality "1"]

1. b3 e6 2. Bb2 b6 3. e3 Bb7 4. Nf3 d6 5. c4 c5 6. Be2 Nf6 7. Nc3 Be7 8. 0-0 0-0 9. d4 Qc8 10. Qc2 cxd4 11. Nxd4 Qc5 12. a3 Qg5 13. Bf3 d5 14. Rfd1 Bd6 15. cxd5 Nbd7 16. dxe6 fxe6 17. Nxe6 Bxh2+ 18. Kf1 Ba6+ 19. Ke1 Qh6 20. Nxf8 Rxf8 21. Ne4 Ne5 22. Nxf6+ Qxf6 23. Be4 Bg3 1/2-1/2

[Event "Napoli Giglio Memorial"]
[Site "Napoli"]
[Date "2015.09.10"]
[Round "1"]
[White "Messina, Francesca"]
[Black "Di Meo, Antonio"]
[Result "0-1"]
[WhiteElo "1440"]
[BlackElo "1844"]
[PlyCount "80"]
[EventDate "2015.09.10"]
[EventType "swiss"]
[EventRounds "4"]
[EventCountry "ITA"]
[SourceTitle "EXT 2024"]
[Source "ChessBase"]
[SourceDate "2023.10.10"]
[SourceVersion "1"]
[SourceVersionDate "2023.10.10"]
[SourceQuality "1"]

1. e4 e6 2. d3 b5 3. Nf3 a6 4. Nc3 Bb7 5. Be3 c5 6. d4 Nf6 7. Bd3 c4 8. 0-0 cxd3 9. Qxd3 Nc6 10. d5 Nb4 11. Qd2 exd5 12. Ng5 dxe4 13. Ngxe4 Nxe4 14. Nxe4 Bxe4 15. Bg5 f6 16. Bf4 Be7 17. Rfe1 d5 18. c3 Nd3 19. Re2 Nxf4 20. Qxf4 0-0 21. b3 Bd3 22. Qf3 Bxe2 23. Qxe2 Re8 24. Re1 Bc5 25. Qd1 Rxe1+ 26. Qxe1 Qe8 27. Kf1 Qxe1+ 28. Kxe1 Re8+ 29. Kd1 Bxf2 30. c4 dxc4 31. bxc4 bxc4 32. Kc2 Bd4 33. g3 Re2+ 34. Kd1 Rxa2 35. Kc1 a5 36. Kb1 Rxh2 37. Kc1 a4 38. Kd1 a3 39. Ke1 a2 40. Kf1 a1Q# 0-1

[Event "Napoli Province-ch"]
[Site "Napoli"]
[Date "2014.01.30"]
[Round "7"]
[White "Angelotti, Mario"]
[Black "Di Meo, Antonio"]
[Result "0-1"]
[WhiteElo "1728"]
[BlackElo "1886"]
[PlyCount "78"]
[EventDate "2013.12.05"]
[EventType "swiss"]
[EventRounds "7"]
[EventCountry "ITA"]
[SourceTitle "EXT 2015"]
[Source "ChessBase"]
[SourceDate "2014.11.20"]
[SourceVersion "1"]
[SourceVersionDate "2014.11.20"]
[SourceQuality "1"]

1. e4 c6 2. f4 d6 3. Nc3 g6 4. d3 Bg7 5. Bd2 b5 6. Qc1 Nf6 7. Be2 Nbd7 8. Nf3 Qc7 9. Nd1 a6 10. Ne3 Nc5 11. h3 Nh5 12. Nf1 e5 13. fxe5 dxe5 14. g4 Nf4 15. Bxf4 exf4 16. c3 0-0 17. N1d2 Re8 18. Qc2 Qe7 19. 0-0 f5 20. Nd4 Qh4 21. Rf3 fxg4 22. hxg4 Bxg4 23. Rf2 Bxe2 24. Nxe2 Ne6 25. Raf1 Rf8 26. Nf3 Qe7 27. d4 Rad8 28. Rg2 Kh8 29. Kf2 c5 30. d5 Nc7 31. Rh1 Nxd5 32. exd5 Qe3+ 33. Ke1 Rf5 34. Rf2 Rfxd5 35. Kf1 Rd1+ 36. Ne1 Kg8 37. Kg2 R8d2 38. Qb3+ c4 39. Nc2 Qe4+ 0-1

[Event "Napoli Province-ch"]
[Site "Napoli"]
[Date "2014.01.23"]
[Round "6"]
[White "Di Meo, Antonio"]
[Black "Baccelliere, Antonio"]
[Result "1/2-1/2"]
[WhiteElo "1886"]
[BlackElo "1677"]
[PlyCount "79"]
[EventDate "2013.12.05"]
[EventType "swiss"]
[EventRounds "7"]
[EventCountry "ITA"]
[SourceTitle "EXT 2015"]
[Source "ChessBase"]
[SourceDate "2014.11.20"]
[SourceVersion "1"]
[SourceVersionDate "2014.11.20"]
[SourceQuality "1"]

1. g4 e5 2. Bg2 d5 3. c4 dxc4 4. Qa4+ c6 5. h3 Be6 6. Nc3 Nd7 7. Nf3 Nb6 8. Qa5 f6 9. 0-0 Bd6 10. Ne4 Bd5 11. d3 cxd3 12. exd3 Ne7 13. Nxd6+ Qxd6 14. Be3 Qc7 15. b4 0-0 16. Rfc1 Rfc8 17. Rab1 Nd7 18. Qxc7 Rxc7 19. b5 Bxa2 20. Ra1 Bd5 21. b6 Rcc8 22. bxa7 c5 23. Nd2 Bxg2 24. Kxg2 Nd5 25. Nc4 Nxe3+ 26. fxe3 b5 27. Nd6 Rc7 28. Nxb5 Rb7 29. Ra5 Kf8 30. Kf3 Ke7 31. Ke4 Ke6 32. Rb1 Nb6 33. Ra6 Kd7 34. Nc3 Kc7 35. Rba1 Nc8 36. R1a5 Raxa7 37. Nb5+ Rxb5 38. Rxa7+ Nxa7 39. Rxa7+ Rb7 40. Rxb7+ 1/2-1/2

[Event "Napoli Province-ch"]
[Site "Napoli"]
[Date "2014.01.09"]
[Round "4"]
[White "Di Meo, Antonio"]
[Black "Schiappoli, Dario"]
[Result "0-1"]
[WhiteElo "1886"]
[BlackElo "1907"]
[PlyCount "46"]
[EventDate "2013.12.05"]
[EventType "swiss"]
[EventRounds "7"]
[EventCountry "ITA"]
[SourceTitle "EXT 2015"]
[Source "ChessBase"]
[SourceDate "2014.11.20"]
[SourceVersion "1"]
[SourceVersionDate "2014.11.20"]
[SourceQuality "1"]

1. g4 e5 2. Bg2 Bc5 3. c4 h5 4. gxh5 Qg5 5. Bf3 Qh4 6. e3 Qxc4 7. b3 Qe6 8. Nc3 Nf6 9. Qc2 Bb6 10. Nge2 d5 11. Na4 Nc6 12. Ba3 e4 13. Bg2 Nxh5 14. d3 Qg6 15. Bxe4 dxe4 16. dxe4 Ba5+ 17. Nac3 Bg4 18. Rg1 Qe6 19. 0-0-0 Bxc3 20. Rxg4 Bb4 21. Bxb4 Nxb4 22. Qd2 Qxg4 23. Qxb4 Qxe2 0-1

[Event "Napoli Province-ch"]
[Site "Napoli"]
[Date "2013.12.05"]
[Round "1"]
[White "Ambrosio, Giuseppe"]
[Black "Di Meo, Antonio"]
[Result "0-1"]
[WhiteElo "2090"]
[BlackElo "1886"]
[PlyCount "76"]
[EventDate "2013.12.05"]
[EventType "swiss"]
[EventRounds "7"]
[EventCountry "ITA"]
[SourceTitle "EXT 2015"]
[Source "ChessBase"]
[SourceDate "2014.11.20"]
[SourceVersion "1"]
[SourceVersionDate "2014.11.20"]
[SourceQuality "1"]

1. d4 g6 2. c4 Bg7 3. e4 c5 4. d5 d6 5. Nc3 Nd7 6. f4 a6 7. a4 Ngf6 8. Nf3 Qc7 9. Bd3 0-0 10. 0-0 Re8 11. Kh1 e6 12. dxe6 Rxe6 13. Qe1 b6 14. Qh4 Bb7 15. Bd2 Bxe4 16. Bxe4 Nxe4 17. Nxe4 Rxe4 18. Ng5 Rxc4 19. Qxh7+ Kf8 20. Bc3 Rxc3 21. bxc3 Nf6 22. Qh3 Re8 23. f5 Re5 24. Rae1 Qe7 25. Nf3 Rxe1 26. Rxe1 Qd7 27. c4 gxf5 28. Nh4 Ng4 29. Qf3 Bd4 30. Re2 Qxa4 31. Qf1 Nf2+ 32. Rxf2 Bxf2 33. Qxf2 Qd1+ 34. Qg1 Qxg1+ 35. Kxg1 b5 36. cxb5 axb5 37. Kf2 b4 38. Nxf5 b3 0-1

[Event "Napoli Antica Scuola 1st"]
[Site "Napoli"]
[Date "2013.03.14"]
[Round "4"]
[White "Di Meo, Antonio"]
[Black "Buiano, Fabio"]
[Result "0-1"]
[WhiteElo "1913"]
[BlackElo "2036"]
[PlyCount "108"]
[EventDate "2013.02.21"]
[EventType "swiss"]
[EventRounds "7"]
[EventCountry "ITA"]
[SourceTitle "EXT 2014"]
[Source "ChessBase"]
[SourceDate "2013.11.20"]
[SourceVersion "1"]
[SourceVersionDate "2013.11.20"]
[SourceQuality "1"]

1. g4 b6 2. Bg2 Nc6 3. d3 Bb7 4. c4 e5 5. Nc3 Bb4 6. Bd2 Nge7 7. a3 Bxc3 8. Bxc3 d6 9. e3 Qc8 10. Qf3 0-0 11. Ne2 f5 12. g5 Qe6 13. Qh3 Qf7 14. Bd2 Rae8 15. b3 a5 16. Rc1 Bc8 17. b4 axb4 18. axb4 f4 19. Qf3 fxe3 20. Qxf7+ Rxf7 21. fxe3 Ref8 22. Bd5 Nxd5 23. cxd5 Nd8 24. e4 Ba6 25. Rc3 Rf3 26. Nc1 R8f7 27. Ra3 Bb5 28. Ra8 Rf8 29. Rc8 Bxd3 30. Nxd3 Rxd3 31. Rxc7 Rd4 32. g6 Rxe4+ 33. Kd1 Rg4 34. gxh7+ Kxh7 35. h4 Rf3 36. h5 Nf7 37. h6 g5 38. Rh5 Rf5 39. Bxg5 Rgxg5 40. Rxg5 Rxg5 41. Rxf7+ Kxh6 42. Rf6+ Rg6 43. Rf7 Rg4 44. Rd7 Rd4+ 45. Kc2 Rxd5 46. Rb7 b5 47. Rf7 Kg6 48. Rf8 Rd4 49. Kc3 Rc4+ 50. Kb3 e4 51. Rf4 Kg5 52. Rf8 e3 53. Rf3 Re4 54. Kc3 e2 0-1

[Event "Napoli Province-ch"]
[Site "Napoli"]
[Date "2012.12.20"]
[Round "6"]
[White "Schiappoli, Dario"]
[Black "Di Meo, Antonio"]
[Result "1/2-1/2"]
[WhiteElo "1904"]
[BlackElo "1928"]
[PlyCount "67"]
[EventDate "2012.11.22"]
[EventType "swiss"]
[EventRounds "7"]
[EventCountry "ITA"]
[SourceTitle "EXT 2014"]
[Source "ChessBase"]
[SourceDate "2013.11.20"]
[SourceVersion "1"]
[SourceVersionDate "2013.11.20"]
[SourceQuality "1"]

1. e4 e6 2. d4 a6 3. Be3 b5 4. Bd3 Bb7 5. Nd2 Nf6 6. Ngf3 c5 7. dxc5 Qc7 8. 0-0 Nc6 9. c3 Ng4 10. b4 Nxe3 11. fxe3 Be7 12. a4 bxa4 13. Nc4 Bf6 14. Nd6+ Ke7 15. e5 Bxe5 16. Nxe5 Nxe5 17. Qh5 f6 18. Be2 Raf8 19. Rxa4 Qc6 20. Bf3 Qxa4 21. Bxb7 Nf7 22. Qe2 Nxd6 23. cxd6+ Kxd6 24. Bxa6 Qc6 25. Rd1+ Ke7 26. Bb5 Qc7 27. Rxd7+ Qxd7 28. Bxd7 Kxd7 29. Qd3+ Ke7 30. Qb5 Rd8 31. Qc5+ Kf7 32. c4 Rhe8 33. b5 Rc8 34. Qb4 1/2-1/2

[Event "Napoli Province-ch"]
[Site "Napoli"]
[Date "2012.12.13"]
[Round "4"]
[White "Ambrosio, Giuseppe"]
[Black "Di Meo, Antonio"]
[Result "1-0"]
[WhiteElo "2084"]
[BlackElo "1928"]
[PlyCount "43"]
[EventDate "2012.11.22"]
[EventType "swiss"]
[EventRounds "7"]
[EventCountry "ITA"]
[SourceTitle "EXT 2014"]
[Source "ChessBase"]
[SourceDate "2013.11.20"]
[SourceVersion "1"]
[SourceVersionDate "2013.11.20"]
[SourceQuality "1"]

1. d4 b5 2. Nf3 Bb7 3. a4 b4 4. c4 e6 5. Nbd2 f5 6. g3 g5 7. Bg2 Nf6 8. e4 g4 9. Ne5 d6 10. Nd3 fxe4 11. 0-0 d5 12. Ne5 Rg8 13. a5 Na6 14. Qa4+ Nd7 15. Nc6 Qf6 16. Qb5 Bxc6 17. Qxc6 Nab8 18. Qxa8 Qxd4 19. cxd5 e3 20. fxe3 Qxe3+ 21. Kh1 e5 22. Ne4 1-0

[Event "Napoli Porreca Memorial 2nd"]
[Site "Napoli"]
[Date "2012.10.10"]
[Round "4"]
[White "Sparice, Lorenzo"]
[Black "Di Meo, Antonio"]
[Result "0-1"]
[WhiteElo "1469"]
[BlackElo "1928"]
[PlyCount "94"]
[EventDate "2012.09.20"]
[EventType "swiss"]
[EventRounds "7"]
[EventCountry "ITA"]
[SourceTitle "EXT 2014"]
[Source "ChessBase"]
[SourceDate "2013.11.20"]
[SourceVersion "1"]
[SourceVersionDate "2013.11.20"]
[SourceQuality "1"]

1. e4 c6 2. Nc3 d5 3. Nf3 d4 4. Ne2 c5 5. c3 dxc3 6. Nxc3 g6 7. d4 cxd4 8. Bb5+ Bd7 9. Qxd4 Nf6 10. Ne5 Nc6 11. Bxc6 Bxc6 12. Nxc6 bxc6 13. Qxd8+ Rxd8 14. 0-0 Bg7 15. Rd1 0-0 16. Be3 Rb8 17. Bxa7 Rxb2 18. Rab1 Rxb1 19. Rxb1 Rd8 20. Rb8 Rxb8 21. Bxb8 Nd7 22. Ne2 Nxb8 23. Kf1 Na6 24. Ke1 Nb4 25. a4 Nd3+ 26. Kf1 Nc5 27. a5 Kf8 28. f4 Bb2 29. e5 Ke8 30. Ke1 Kd7 31. Kd2 Na6 32. Kc2 Ba3 33. Nc1 Bxc1 34. Kxc1 c5 35. Kc2 Kc6 36. h4 Kb5 37. g4 Kxa5 38. h5 Nb4+ 39. Kc3 Kb5 40. hxg6 hxg6 41. f5 gxf5 42. g5 Nc6 43. e6 Ne5 44. exf7 Nxf7 45. g6 Nh6 46. g7 e5 47. Kd3 Kb4 0-1

[Event "Napoli Parthenope op 4th"]
[Site "Napoli"]
[Date "2012.04.26"]
[Round "6"]
[White "Di Meo, Antonio"]
[Black "De Rosa, Francesco"]
[Result "1-0"]
[WhiteElo "1951"]
[BlackElo "1951"]
[PlyCount "83"]
[EventDate "2012.03.22"]
[EventType "swiss"]
[EventRounds "7"]
[EventCountry "ITA"]
[SourceTitle "EXT 2018"]
[Source "ChessBase"]
[SourceDate "2017.10.13"]
[SourceVersion "1"]
[SourceVersionDate "2017.10.13"]
[SourceQuality "1"]

1. b3 e5 2. Bb2 Nc6 3. e3 d5 4. Bb5 Bd6 5. f4 Qe7 6. Nf3 Bg4 7. fxe5 Bxf3 8. Qxf3 Bxe5 9. Bxc6+ bxc6 10. Bxe5 Qxe5 11. 0-0 Nf6 12. Nc3 0-0 13. Qf4 Qd6 14. Qxd6 cxd6 15. Rf4 Rae8 16. Ra4 Re7 17. Ra6 Rc8 18. Rc1 g6 19. h3 Kg7 20. Kf2 c5 21. Rxd6 Re6 22. Rxe6 fxe6 23. d3 d4 24. Nd1 Nd5 25. g3 Rf8+ 26. Ke2 e5 27. c4 Nb4 28. a3 Nc6 29. e4 Rb8 30. Rb1 Kf6 31. Nf2 Kg5 32. Ng4 a5 33. Nh2 a4 34. Nf3+ Kh6 35. Nd2 Kg5 36. bxa4 Rxb1 37. Nxb1 h5 38. Nd2 Na5 39. Kd1 Kf6 40. Kc2 Ke6 41. Nb3 Nxb3 42. Kxb3 1-0

[Event "Napoli Province-ch 2012"]
[Site "Napoli"]
[Date "2012.01.19"]
[Round "5"]
[White "Sparice, Lorenzo"]
[Black "Di Meo, Antonio"]
[Result "0-1"]
[WhiteElo "1374"]
[BlackElo "1968"]
[PlyCount "52"]
[EventDate "2011.12.15"]
[EventType "swiss"]
[EventRounds "7"]
[EventCountry "ITA"]
[SourceTitle "EXT 2018"]
[Source "ChessBase"]
[SourceDate "2017.10.13"]
[SourceVersion "1"]
[SourceVersionDate "2017.10.13"]
[SourceQuality "1"]

1. e4 c6 2. Nc3 g6 3. Nf3 Bg7 4. d4 d6 5. b4 Nf6 6. Rb1 0-0 7. e5 dxe5 8. dxe5 Qxd1+ 9. Nxd1 Nd5 10. Bb2 Nxb4 11. Bc4 Nxc2+ 12. Kd2 Bf5 13. Nd4 Nxd4 14. Bxd4 Bxb1 15. Ne3 Be4 16. f3 Rd8 17. Kc3 Bd5 18. Rb1 b6 19. f4 Bxc4 20. Kxc4 Nd7 21. e6 Bxd4 22. exf7+ Kxf7 23. Kxd4 Nc5+ 24. Kc4 Rd2 25. Nf1 Rc2+ 26. Kd4 Rd8+ 0-1

[Event "Campobasso op 18th"]
[Site "Campobasso "]
[Date "2011.07.24"]
[Round "5"]
[White "Di Meo, Antonio"]
[Black "Stromboli, Carlo"]
[Result "0-1"]
[WhiteElo "1978"]
[BlackElo "2304"]
[PlyCount "53"]
[EventDate "2011.08.06"]
[EventType "swiss"]
[EventRounds "6"]
[EventCountry "ITA"]
[SourceTitle "EXT 2014"]
[Source "ChessBase"]
[SourceDate "2013.11.20"]
[SourceVersion "1"]
[SourceVersionDate "2013.11.20"]
[SourceQuality "1"]

1. b3 Nf6 2. Bb2 g6 3. Nf3 Bg7 4. e3 0-0 5. c4 d6 6. d4 Nbd7 7. Nc3 e5 8. Bd3 Re8 9. Qc2 Qe7 10. dxe5 dxe5 11. e4 c6 12. Ne2 a5 13. a3 Nh5 14. 0-0 Nc5 15. Ne1 Ne6 16. Nf3 Nef4 17. Rfd1 Bg4 18. Ng3 Nxg2 19. Nxh5 Bxf3 20. Nxg7 Qg5 21. Kf1 Bxd1 22. Rxd1 Kxg7 23. Bc1 Nf4 24. Be3 Red8 25. f3 Qh4 26. Kg1 Rxd3 27. Rxd3 0-1

[Event "Campobasso op 18th"]
[Site "Campobasso "]
[Date "2011.07.24"]
[Round "6"]
[White "Santeramo, Domenico"]
[Black "Di Meo, Antonio"]
[Result "1-0"]
[WhiteElo "1967"]
[BlackElo "1978"]
[PlyCount "73"]
[EventDate "2011.08.06"]
[EventType "swiss"]
[EventRounds "6"]
[EventCountry "ITA"]
[SourceTitle "EXT 2014"]
[Source "ChessBase"]
[SourceDate "2013.11.20"]
[SourceVersion "1"]
[SourceVersionDate "2013.11.20"]
[SourceQuality "1"]

1. e4 c6 2. d4 d5 3. Nc3 dxe4 4. Nxe4 Bf5 5. Ng3 Bg6 6. h4 h6 7. h5 Bh7 8. Bd3 Bxd3 9. Qxd3 Qc7 10. N1e2 e6 11. Bf4 Bd6 12. Bxd6 Qxd6 13. Ne4 Qc7 14. Qa3 Nf6 15. Nd6+ Kd8 16. Ng3 Na6 17. 0-0-0 Qe7 18. Qa5+ b6 19. Nxf7+ Qxf7 20. Qxa6 Re8 21. Kb1 Re7 22. Qe2 Ke8 23. Ne4 Rd8 24. g4 e5 25. dxe5 Rxd1+ 26. Rxd1 Nxe4 27. Qxe4 Qe6 28. Re1 Kd7 29. Qe2 Kc7 30. f4 c5 31. f5 Qc6 32. e6 Kb7 33. Rd1 Kc7 34. Qd3 Kb7 35. Qd8 Qc7 36. Qxc7+ Kxc7 37. c4 1-0

[Event "Napoli Primavera al Vomero op 7th"]
[Site "Napoli"]
[Date "2011.04.08"]
[Round "5"]
[White "Di Meo, Antonio"]
[Black "Improta, Giovanni"]
[Result "0-1"]
[WhiteElo "1972"]
[BlackElo "1859"]
[PlyCount "48"]
[EventDate "2011.03.11"]
[EventType "swiss"]
[EventRounds "7"]
[EventCountry "ITA"]
[SourceTitle "EXT 2018"]
[Source "ChessBase"]
[SourceDate "2017.10.13"]
[SourceVersion "1"]
[SourceVersionDate "2017.10.13"]
[SourceQuality "1"]

1. b3 d5 2. Bb2 c5 3. e3 Nc6 4. f4 Bf5 5. Nf3 Nb4 6. Bb5+ Bd7 7. Bxd7+ Qxd7 8. Ne5 Qf5 9. d3 f6 10. Nf3 0-0-0 11. 0-0 Nh6 12. a3 Nc6 13. Nbd2 Ng4 14. Qe2 h5 15. Rfb1 e5 16. Nh4 Qh7 17. f5 Qh6 18. Nf1 Qg5 19. Qe1 Bd6 20. e4 dxe4 21. Bc1 e3 22. Nxe3 Nxe3 23. Bxe3 Qg4 24. h3 Nd4 0-1